000 00533nam a2200145 i 4500
001 34473
003 ES-MaACL
007 t|
008 030207s1929 sp ||||1| spa d
100 1 _aBohigas Tarragó, P.
_929821
245 1 0 _aCongreso y exposición internacionales del teatro celebrados en la Exposición Internacional de Barcelona 1929
_b: memoria y catálogo /
_cpor P. Bohigas Tarragó.
260 _aBarcelona :
_b[s.n.,
_c1929] (
_fImp. Casa Provicial de Caridad)
300 _a152 p. ;
_c24 cm.
852 _aES-MaACL
_jB-5443
999 _c34473
_d34473